Agresszió és erőszak. Az agresszív viselkedés okai, formái, megjelenése oktatási intézményekben. (A „cyber” agresszió terjedése)

Bibliográfiai részletek
Szerző: Pásztorné Varga Veronika
További közreműködők: Farkas Dr. Julianna
Dokumentumtípus: Diplomadolgozat
Kulcsszavak:agresszió
cyber agresszió
agresszív viselkedés
Online Access:http://dolgozattar.uni-bge.hu/2875

MARC

LEADER 00000nta a2200000 i 4500
001 dolg2875
005 20160304134345.0
008 150519suuuu hu om 000 hun d
040 |a BGE Dolgozattár Repozitórium  |b hun 
041 |a hu 
100 1 |a Pásztorné Varga Veronika 
245 1 0 |a Agresszió és erőszak. Az agresszív viselkedés okai, formái, megjelenése oktatási intézményekben. (A „cyber” agresszió terjedése)  |c Pásztorné Varga Veronika  |h [elektronikus dokumentum] 
695 |a agresszió 
695 |a cyber agresszió 
695 |a agresszív viselkedés 
700 1 |a Farkas Dr. Julianna  |e ths 
856 4 0 |u http://dolgozattar.uni-bge.hu/2875/2/szakdolgozat%20jav%C3%ADtott%20felt%C3%B6lt%C3%A9sre3.pdf  |z Dokumentum-elérés